Gender and public relations (Record no. 12780)

MARC details
000 -LEADER
fixed length control field 02639nam a2200337Ia 4500
001 - CONTROL NUMBER
control field 9780203436011
003 - CONTROL NUMBER IDENTIFIER
control field BD-DhSAU
005 - DATE AND TIME OF LATEST TRANSACTION
control field 20151012151721.0
006 - FIXED-LENGTH DATA ELEMENTS--ADDITIONAL MATERIAL CHARACTERISTICS
fixed length control field m|||||o||d||||||||
007 - PHYSICAL DESCRIPTION FIXED FIELD--GENERAL INFORMATION
fixed length control field cr||||
008 - FIXED-LENGTH DATA ELEMENTS--GENERAL INFORMATION
fixed length control field 130812s2014 enk ob 001 0 eng d
020 ## - INTERNATIONAL STANDARD BOOK NUMBER
International Standard Book Number 9780203436011 (e-book : PDF)
040 ## - CATALOGING SOURCE
Original cataloging agency BD-DhSAU
Transcribing agency BD-DhSAU
090 ## - LOCALLY ASSIGNED LC-TYPE CALL NUMBER (OCLC); LOCAL CALL NUMBER (OCLC)
Classification number (OCLC) (R) ; Classification number, CALL (RLIN) (NR) HM1221
Local cutter number (OCLC) ; Book number/undivided call number, CALL (RLIN) .G46 2014
092 ## - LOCALLY ASSIGNED DEWEY CALL NUMBER (OCLC)
Classification number 659.2
Item number G325
245 00 - TITLE STATEMENT
Title Gender and public relations
Medium [electronic resource] :
Remainder of title critical perspectives on voice, image and identity /
Statement of responsibility, etc. edited by Christine Daymon and Kristin Demetrious.
260 ## - PUBLICATION, DISTRIBUTION, ETC. (IMPRINT)
Place of publication, distribution, etc. London ;
-- New York :
Name of publisher, distributor, etc. Routledge,
Date of publication, distribution, etc. 2014.
300 ## - PHYSICAL DESCRIPTION
Extent xv, 277 p.
490 0# - SERIES STATEMENT
Series statement Routledge new directions in public relations and communication research
504 ## - BIBLIOGRAPHY, ETC. NOTE
Bibliography, etc Includes bibliographical references and index.
505 0# - FORMATTED CONTENTS NOTE
Formatted contents note 1. Surface effects : public relations and the politics of gender / Kristin Demetrious -- 2. Caring about public relations and the gendered cultural intermediary role / Anne Surma and Christine Daymon -- 3. Interrogating inequalities perpetuated in a feminized field : using critical race theory and the intersectionality lens to render visible that which should not be disaggregated / Donnalyn Pompper -- 4. Gendered performance and identity work in PR consulting relationships : a UK perspective / Liz Yeomans -- 5. Mothers, bodies, and breasts: organizing strategies and tactics in women's activism / C. Kay Weaver -- 6. Celebrity, gender and reputation management at the BBC / Jane Arthurs -- 7. Campaigning for 'women, peace and security' : transnational advocacy networks at the United Nations Security Council / Ian Somerville and Sahla Aroussi -- 8. Gender, culture and power : competing discourses on the Philippine reproductive health bill / Marianne D. Sison -- 9. 'I want to voice out my opinion' : bringing migrant women into union work / Maree Keating -- 10. 'Mammography at age 40 to 49 saves lives; just not enough of them' : gendered political intersections in communicating breast cancer screening policy to publics / Jennifer Vardeman-Winter, Hua Jiang and Natalie Tindall -- 11. Ex-journos and promo girls : feminization and professionalization in the Australian public relations industry / Kate Fitch and Amanda Third.
530 ## - ADDITIONAL PHYSICAL FORM AVAILABLE NOTE
Additional physical form available note Also available in print edition.
538 ## - SYSTEM DETAILS NOTE
System details note Mode of access: World Wide Web.
650 #0 - SUBJECT ADDED ENTRY--TOPICAL TERM
Topical term or geographic name as entry element Public relations.
650 #0 - SUBJECT ADDED ENTRY--TOPICAL TERM
Topical term or geographic name as entry element Sex role.
655 #7 - INDEX TERM--GENRE/FORM
Genre/form data or focus term Electronic books.
Source of term lcsh
700 1# - ADDED ENTRY--PERSONAL NAME
Personal name Daymon, Christine.
700 1# - ADDED ENTRY--PERSONAL NAME
Personal name Demetrious, Kristin,
Dates associated with a name 1958-
776 1# - ADDITIONAL PHYSICAL FORM ENTRY
International Standard Book Number 9780415505550 (hardback)
856 40 - ELECTRONIC LOCATION AND ACCESS
Uniform Resource Identifier <a href="http://www.tandfebooks.com/isbn/9780203436011">http://www.tandfebooks.com/isbn/9780203436011</a>

No items available.